Counties of England - One Minute Sprint - Statistics

General Stats
  • This quiz has been taken 618 times
  • The average score is 15 of 48
Answer Stats
County % Correct
Cornwall
67%
City of London
65%
Devon
65%
Kent
59%
Essex
55%
Dorset
44%
East Sussex
43%
Norfolk
41%
Cumbria
40%
Greater Manchester
40%
Suffolk
40%
West Sussex
40%
Somerset
39%
Surrey
39%
Hampshire
36%
Lancashire
36%
North Yorkshire
36%
West Yorkshire
36%
South Yorkshire
35%
East Riding of Yorkshire
33%
City of Bristol
31%
Berkshire
29%
Merseyside
29%
Oxfordshire
29%
Durham
28%
Buckinghamshire
27%
Lincolnshire
27%
Northumberland
26%
Bedfordshire
25%
Cambridgeshire
25%
Derbyshire
25%
Greater London
25%
Leicestershire
25%
Cheshire
24%
Nottinghamshire
24%
Wiltshire
24%
Herefordshire
23%
Hertfordshire
23%
Rutland
21%
Gloucestershire
20%
West Midlands
20%
Tyne and Wear
18%
Worcestershire
18%
Shropshire
15%
Warwickshire
14%
Isle of Wight
12%
Staffordshire
11%
Northamptonshire
10%
No matching quizzes found
Score Distribution
Percent of People with Each Score
Percentile by Number Answered
Your Score History
You have not taken this quiz